| 000 | 00556nam a2200181 i 4500 | ||
|---|---|---|---|
| 001 | 47272 | ||
| 003 | ES-MaACL | ||
| 005 | 20230906161531.0 | ||
| 007 | t| | ||
| 008 | 030404s1861 xxk ||||1| eng d | ||
| 080 | _a821.111(73)-31"19" | ||
| 100 | 1 |
_aCooper, James Fenimore. _940390 |
|
| 245 | 1 | 4 |
_aThe borderers or The heathcotes _b: a romance of Prairie life / _cJames Fenimore Cooper. |
| 260 |
_aLondon : _bRoutledge, _c1861. |
||
| 300 |
_aVIII, 273 p. ; _c16 cm. |
||
| 740 | 4 | _aThe heathcotes : a romance of Prairie life. | |
| 852 |
_aES-MaACL _jD-2181 |
||
| 999 |
_c47272 _d47272 |
||